| 000 | 00596nam a2200169 a 4500 | ||
|---|---|---|---|
| 001 | 3224 | ||
| 003 | CDMR | ||
| 005 | 20130611101630.0 | ||
| 008 | 130130s1975||||||||||||||||||||||||||||d | ||
| 020 | _a8429900683 | ||
| 040 |
_aCDMR _bcat _cCDMR |
||
| 100 | 1 |
_aBlom-Dahl Andersen, Christen A. _92337 |
|
| 245 | 1 | 0 |
_aPrincipios generales de la comunicación visual _b: la visión y sus ámbitos cósmico, cerebral y cinematográfico _cChr. A. Blom-Dahl Andersen ; prólogo: Fernando Senent Pérez |
| 260 |
_aMadrid _c1975 _bSeminarios y Ediciones |
||
| 650 | 0 | 4 |
_93737 _aComunicació visual |
| 942 |
_cMON _2udc |
||
| 999 |
_c3224 _d3224 |
||